[Event "Esbjerg 100 Years Weekend"]
[Site "Esbjerg"]
[Date "2022.10.21"]
[Round "1"]
[White "Borsos, Bogdan"]
[Black "Dige, Esben"]
[Result "1-0"]
[WhiteElo "2170"]
[BlackElo "1689"]
[PlyCount "47"]
[EventDate "2022.10.21"]
[EventType "swiss"]
[EventRounds "7"]
[EventCountry "DEN"]
[SourceTitle "EXT 2024"]
[Source "ChessBase"]
[SourceDate "2023.10.10"]
[SourceVersion "1"]
[SourceVersionDate "2023.10.10"]
[SourceQuality "1"]

1. e4 c5 2. c3 Nf6 3. e5 Nd5 4. d4 cxd4 5. Nf3 e6 6. cxd4 Nc6 7. Nc3 Bb4 8. Bd2 Nxc3 9. bxc3 Be7 10. Bd3 d5 11. exd6 Bxd6 12. 0-0 Qc7 13. c4 Bd7 14. Rb1 h6 15. c5 Be7 16. g3 Bf6 17. Bf4 Qa5 18. Rxb7 Nxd4 19. Rxd7 Kxd7 20. Ne5+ Bxe5 21. Bxe5 Qxc5 22. Bxd4 Qd5 23. Bxg7 Rhc8 24. Be4 1-0